Responses for Show #7869 - Thursday, November 22, 2018

Contestants

[<< previous game]

David Trachtenberg, a science teacher from Sherman Oaks, California

Terrie Vasilopoulos, an assistant professor from Gainesville, Florida

Mary Ann Borer, a marketing coordinator from Pomona, California (whose 3-day cash winnings total $67,800)

[next game >>]

Jeopardy! Round responses

THE NOBEL MUSEUM
ON THE 2018 BILLBOARD CHARTS
GIVE A LITTLE WHISTLE
UN-BUSINESS
AGATHA CHRISTIE BOOK TITLES
VWLLSS HWN
(Alex: Vowelless Hawaiian.)
    $200 18
Barack Obama

Terrie
    $200 11
Blake Shelton

Mary Ann
    $200 26
penny whistle

Terrie
    $200 6
the Uncola

Mary Ann
    $200 1
(Terrie: What is Murder on the Nile?)

death

Mary AnnTerrie
    $200 17
lei

Terrie
    $400 19
(Terrie: What is uranium?)

radium

Mary AnnTerrie
    $400 12
Bon Jovi

Mary Ann
    $400 27
whistlestop

Mary Ann
    $400 7
lipstick

Terrie
    $400 2
none

Terrie
    $400 20
luau

Terrie
    $1,000 21
Pakistan

Terrie
    $600 13
"Gucci Gang"

Mary Ann
    $600 28
(Terrie: Who is Monroe?)

Lauren Bacall

Mary AnnTerrie
    $600 8
T-Mobile

Mary Ann
    $600 3
murder

Mary Ann
    $600 16
poi

Mary Ann
    $800 22
nuclear weapons

Terrie
    $800 14
Africa

David
    $800 29
the dark

Mary Ann
    $800 9
KFC

Mary Ann
    $800 4
evil

Mary Ann
    $800 24
Kauai

David
    $1000 23
(Wilhelm) Röntgen

Terrie
    $1000 15
Halsey

David
    $1000 30
a steam whistle

Mary Ann
    $1000 10
(David: What is Untucked?)

UNTUCKit

David
Triple Stumper
    $1000 5
The Body in the Library

Triple Stumper
    $1000 25
(Alex: Less than a minute.)

kahuna

Terrie

Scores at the first commercial break (after clue 15):

Mary Ann Terrie David
$4,400 $600 $800

Scores at the end of the Jeopardy! Round:

Mary Ann Terrie David
$8,200 $4,400 $1,600

Double Jeopardy! Round responses

'99 PROBLEMS
THE OLD TESTAMENT
PIONEERING TELEVISION
SOCIAL SCIENCE
DAMS
ALL ENCOMPASSING WORDS
(Alex: Each correct response will be a word that can be made up of the letters you find in the word "encompassing".)
    $400 1
unions

Mary Ann
    $400 2
the Ten Commandments

Terrie
    $400 16
The Tonight Show

Mary Ann
    $400 7
sociology

Mary Ann
    $400 21
panic

Mary Ann
    $800 3
Captain Kidd

Triple Stumper
    $800 8
Jacob

Terrie
    $800 17
American Bandstand

Mary Ann
    $800 9
(Mary Ann: What is Bronx?)

Brooklynese

Mary AnnTerrie
    $800 22
(Alex: Less than a minute now.)

sponge

David
    $1200 4
Shakespeare

Terrie
    $1200 11
Proverbs

Mary Ann
    $4,000 18
color

Mary Ann
    $1200 10
space

Mary Ann
    $1200 27
[The end-of-round signal sounds.]

Iran

Triple Stumper
    $1200 23
(Mary Ann: What are dwarves?)

gnomes

Mary Ann
Triple Stumper
    $2,600 5
(Terrie: What is Ireland?)
...
(Alex: Think of the Boxer Rebellion in [*].)

China

Terrie
    $1600 12
Samuel

Mary Ann
    $1600 19
The Flintstones

David
    $1600 14
laissez-faire

Mary Ann
    $1600 26
Three Gorges

Terrie
    $2000 6
(Mary Ann: What is Sarajevo?)

Belgrade

Mary Ann
Triple Stumper
    $2000 13
(David: What is Babylon?)

Assyria

David
Triple Stumper
    $2000 20
Ozzie and Harriet (Nelson)

Mary Ann
    $2000 15
class struggle

Triple Stumper
    $2000 25
Aswan Dam

Terrie
    $2000 24
the coping

Triple Stumper

Scores at the end of the Double Jeopardy! Round:

Mary Ann Terrie David
$18,200 $8,600 $2,000
(lock game)

[wagering suggestions for these scores]

Final Jeopardy! Round responses

1980s MOVIES
DavidWhat is 2001 A Space Odyssey?
$2,000
TerrieWhat is Alien?
$400
Mary AnnWhat is E.T.?
$500
E.T.

Final scores:

Mary Ann Terrie David
$18,700 $8,200 $0
4-day champion: $86,500 2nd place: $2,000 3rd place: $1,000

Game dynamics:

Coryat scores:

Mary Ann Terrie David
$15,400 $10,800 $2,000
26 R
(including 1 DD),
3 W
16 R
(including 1 DD),
4 W
(including 1 DD)
5 R,
2 W

Combined Coryat: $28,200

[game clues] [game scores] [suggest correction]

Game tape date: 2018-10-09
The J! Archive is created by fans, for fans. Scraping, republication, monetization, and malicious use prohibited; this site may use cookies and collect identifying information. See terms. The Jeopardy! game show and all elements thereof, including but not limited to copyright and trademark thereto, are the property of Jeopardy Productions, Inc. and are protected under law. This website is not affiliated with, sponsored by, or operated by Jeopardy Productions, Inc. Join the discussion at JBoard.tv.